000 00838cam a2200229 4500
001 3049
005 20181127170401.0
008 990712s2000 maua b 001 0 eng
010 _a 99036870
020 _a0861711599 (alk. paper)
043 _an------
_ae------
_an-us---
245 0 0 _aEngaged Buddhism in the west /
_cChristopher S. Queen, editor.
260 _aBoston, Mass. :
_bWisdom Publications,
_c2000.
300 _axi, 544 p. :
_bill. ;
_c23 cm.
504 _aIncludes bibliographical references (p. 513-523) and index.
650 0 _aBuddhism
_xSocial aspects
_zEurope
_xHistory.
650 0 _aBuddhism
_xSocial aspects
_zNorth America
_xHistory.
650 0 _aBuddhism
_xSocial aspects
_zUnited States
_xHistory.
650 0 _aReligion and politics.
650 0 _aReligious life
_xBuddhism.
700 1 _aQueen, Christopher S.,
_d1945-
999 _c2450
_d2450